000 00198nam a2200085Ia 4500
008 170617s9999 xx 000 0 und d
100 _aDutta Satyajit
245 0 _aMedicinal Chamistry
260 _bMeerut Pragati
260 _c2011
999 _c15444
_d15444